000 02305cam a2200313 4500500
005 20260111112141.0
041 _afre
042 _adc
100 1 0 _aNakov, Anastasia
_eauthor
245 0 0 _aLe présent des odeurs
260 _c2013.
500 _a86
520 _aRésuméLa présence du corps dans le cadre psychanalytique s’affirme de différentes manières. Les odeurs « diffusées » par les patients n’ont pratiquement jamais retenu l’attention des psychanalystes. Hormis Didier Anzieu, qui consacre un chapitre à ce problème dans le Moi-Peau, cette question ne semble pas avoir fait l’objet d’une conceptualisation particulière.À l’aide d’exemples cliniques nous pouvons voir combien ces émanations archaïques du corps sont porteuses de sens et combien leur rôle est important dans notre élaboration contre-transférentielle.Les odeurs ont un rôle défensif contre les mouvements pulsionnels d’agressivité et d’angoisse de mort, ainsi que dans les manœuvres défensives complexes de séduction.
520 _aIn the framework of psychoanalysis the body’s presence is affirmed in different ways. Smells “diffused” by patients, have practically never been in the focus of psychoanalysts. Except for Didier Anzieu who dedicated a chapter on this problem in Le Moi Peau (Ego Skin), this issue does not seem to have been specifically conceptualized.With the help of clinical examples we can now see how these archaic bodily emanations have meaning and how important their role in our counter-transference elaboration. Smells have a defensive function against impulsive movements charged with aggressiveness and death anxiety and in the complex defensive maneuvers of seduction.
690 _aagressivité
690 _aautisme
690 _acontre-transfert
690 _aodeurs
690 _apathologies limites
690 _aséduction
690 _aaggressiveness
690 _aautism
690 _aborderline pathology
690 _acounter-transference
690 _aseduction
690 _asmell
786 0 _nJournal de la psychanalyse de l'enfant | 2 | 1 | 2013-01-08 | p. 233-259 | 0994-7949
856 4 1 _uhttps://shs.cairn.info/revue-journal-de-la-psychanalyse-de-l-enfant-2012-1-page-233?lang=fr&redirect-ssocas=7080
999 _c1631797
_d1631797